| 000 | 00541nam a2200217Ia 4500 | ||
|---|---|---|---|
| 008 | 171025s9999 xx 000 0 und d | ||
| 050 | _a150 | ||
| 050 | _bC395 1988 | ||
| 100 | _aCencini, Amedeo | ||
| 245 | _aTo live reconciled : | ||
| 245 | _bpsychological aspects / | ||
| 245 | _cby Amedeo Cencini. | ||
| 260 | _aUSA : | ||
| 260 | _bSt. Paul, | ||
| 260 | _c1988 | ||
| 300 | _a176 pages : | ||
| 300 | _billustrations ; | ||
| 300 | _c21cm. | ||
| 650 | _aPerception, movement, emotions, drives and values. | ||
| 700 | _aTitle. | ||
| 999 |
_c344634 _d344634 |
||